| 000 | 00685 a2200193 4500 | ||
|---|---|---|---|
| 020 | _a0849368383 | ||
| 035 | _a(OCoLC)ocm64592219 | ||
| 040 |
_aDLC _bDLC |
||
| 082 | 0 | 0 | _a621.382/12 |
| 100 | 1 | _aAssaad, Mohamad. | |
| 245 | 1 | 0 |
_aTCP performance over UMTS-HSDPA systems _cMohamad Assaad, Djamal Zeghlache |
| 260 |
_aBoca Raton : _bAuerbach Publications, _cc2007. |
||
| 300 |
_axx, 211 p. : _bill. ; _c25 cm. |
||
| 650 | 0 | _aUniversal Mobile Telecommunications System. | |
| 650 | 0 | _aTCP/IP (Computer network protocol) | |
| 700 | 1 | _aZeghlache, Djamal. | |
| 856 | 4 | 2 |
_3Publisher description _uhttp://www.loc.gov/catdir/enhancements/fy0661/2006042662-d.html |
| 942 |
_cBK _k621.38212 ASS _2ddc |
||
| 999 |
_c8179 _d8179 |
||